000 00443nam a2200181Ia 4500
001 14974
005 20260306164953.0
008 260306t2007||||xx |||||||||||||| ||spa||
041 _aESP
082 _a519.53
_bCH576
100 _aChué Gallardo, Jorge
_eAUT
245 0 _aEstadística descriptiva y probabilidades
260 _c2007
300 _a294 páginas :
_c27 cm.
650 _aGEN
654 _aCMA
942 _cLIB
_dJUS
_fJUS
_2ddc
_n
999 _c14974
_d14974